Bataille de population : Pays - Mort Subite #4 - Statistiques

Statistiques générales
  • Ce quiz a été pris 131 fois
  • Le résultat moyen est 4 sur 10
Answers on the Grid
Answers color-coded by a green-red scale on the quiz's grid according to % correct below.
Indonésie
Pérou
Afrique du Sud
Colombie
Bulgarie
Cameroun
Sri Lanka
Corée du Sud
Équateur
Ouzbékistan
Turkménistan
Kazakhstan
Gambie
Tchad
Ghana
Tunisie
Uruguay
Serbie
Belize
Lettonie
Nouvelle-Zélande
Oman
Syrie
Libye
Kenya
Cambodge
Pologne
Timor oriental
Libéria
Brunei
 
Statistiques - réponses
Réponse % Correct
286,8 M Indonésie
99%
51,6 M Corée du Sud
74%
53,7 M Colombie
72%
5,2 M Nouvelle-Zélande
23%
35,4 M Ghana
20%
58 M Kenya
20%
37,3 M Ouzbékistan
19%
5,8 M Libéria
18%
26,1 M Syrie
16%
12,3 M Tunisie
15%
Aucun quiz correspondant
Distribution des résultats
% des personnes avec chaque résultat
Percentile par nombre de réponses
Votre historique - résultats
Vous n’avez pas pris ce quiz